[Event "Pan American-ch U18"]
[Site "Isla Margarita"]
[Date "1998.??.??"]
[Round "?"]
[White "Belmonte, Diego Mariano"]
[Black "Melendez, Jacobo"]
[Result "1-0"]
[WhiteElo "2200"]
[BlackElo "2255"]
[PlyCount "94"]
[EventDate "1998.08.05"]
[EventType "swiss"]
[EventRounds "11"]
[EventCountry "VEN"]
[SourceTitle "EXT 2000"]
[Source "ChessBase"]
[SourceDate "1999.11.16"]
[SourceVersion "1"]
[SourceVersionDate "1999.11.16"]
[SourceQuality "1"]

1. d4 Nf6 2. c4 g6 3. Nc3 Bg7 4. Nf3 0-0 5. g3 d6 6. Bg2 Nc6 7. d5 Na5 8. Nd2 c5 9. 0-0 a6 10. Qc2 Rb8 11. b3 b5 12. Rb1 Bf5 13. e4 Bd7 14. h3 e5 15. cxb5 axb5 16. b4 Nb7 17. Re1 cxb4 18. Rxb4 Qa5 19. Qb1 Nc5 20. Bf1 Ne8 21. Re3 Na6 22. Rb2 b4 23. Nc4 Qc5 24. Rf3 f5 25. Nd1 Bb5 26. Rc2 Qa7 27. Be3 Qd7 28. Nb6 Rxb6 29. Bxb6 Bxf1 30. Kxf1 Qb5+ 31. Kg2 Qxb6 32. Rc6 Qa5 33. Ne3 Nc5 34. exf5 e4 35. Rf4 g5 36. Rg4 Bf6 37. h4 h5 38. Rxg5+ Bxg5 39. hxg5 Qd8 40. g6 Ng7 41. Qxb4 Nxf5 42. Nxf5 Rxf5 43. Rxc5 dxc5 44. Qb7 Qf6 45. Qh7+ Kf8 46. g7+ Qxg7 47. Qxf5+ Kg8 1-0

[Event "Pan American-ch U18"]
[Site "Isla Margarita"]
[Date "1998.??.??"]
[Round "?"]
[White "Melendez, Jacobo"]
[Black "Vescovi, Giovanni P"]
[Result "1/2-1/2"]
[WhiteElo "2255"]
[BlackElo "2480"]
[PlyCount "54"]
[EventDate "1998.08.05"]
[EventType "swiss"]
[EventRounds "11"]
[EventCountry "VEN"]
[SourceTitle "EXT 2000"]
[Source "ChessBase"]
[SourceDate "1999.11.16"]
[SourceVersion "1"]
[SourceVersionDate "1999.11.16"]
[SourceQuality "1"]

1. e4 c5 2. Nf3 e6 3. d4 cxd4 4. Nxd4 Nc6 5. Nc3 Qc7 6. Be2 Nf6 7. 0-0 a6 8. Kh1 Be7 9. f4 d6 10. Bf3 Nxd4 11. Qxd4 e5 12. Qf2 0-0 13. Qg3 Kh8 14. Be3 b5 15. Rad1 b4 16. Nd5 Nxd5 17. Rxd5 Bb7 18. Rd2 f5 19. exf5 e4 20. Bg4 Bf6 21. Rfd1 d5 22. Bd4 Bxd4 23. Rxd4 a5 24. c4 bxc3 25. bxc3 Rae8 26. c4 e3 27. cxd5 Qc5 1/2-1/2

[Event "Pan American-ch U18"]
[Site "Isla Margarita"]
[Date "1998.??.??"]
[Round "?"]
[White "Moreda, Lucas"]
[Black "Melendez, Jacobo"]
[Result "1-0"]
[WhiteElo "2305"]
[BlackElo "2255"]
[PlyCount "97"]
[EventDate "1998.08.05"]
[EventType "swiss"]
[EventRounds "11"]
[EventCountry "VEN"]
[SourceTitle "EXT 2000"]
[Source "ChessBase"]
[SourceDate "1999.11.16"]
[SourceVersion "1"]
[SourceVersionDate "1999.11.16"]
[SourceQuality "1"]

1. e4 g6 2. d4 Bg7 3. Nc3 c5 4. dxc5 Qa5 5. Nge2 Qxc5 6. Be3 Qa5 7. Qd2 Nf6 8. Nf4 d6 9. h4 Nc6 10. f3 Bd7 11. h5 Ne5 12. h6 Bf8 13. b4 Qd8 14. Nfd5 Nxd5 15. Nxd5 Bc6 16. Bd4 f6 17. Nf4 Bd7 18. Rd1 e6 19. c4 Qc7 20. Bxe5 dxe5 21. Nd3 Rd8 22. Qc3 Be7 23. Be2 0-0 24. 0-0 Rc8 25. g4 g5 26. Kg2 Rfd8 27. Nb2 b6 28. Rd2 Be8 29. Rfd1 Rxd2 30. Rxd2 Rd8 31. Rxd8 Qxd8 32. Nd3 Qc7 33. Bd1 Kf7 34. Bb3 Qc6 35. c5 b5 36. Nc1 Bf8 37. Qd3 Bxh6 38. Ne2 Bf8 39. Nc3 Ke7 40. Nd5+ exd5 41. exd5 Qa8 42. Qxh7+ Kd8 43. Qh8 Be7 44. d6 Qb7 45. Bf7 Qd7 46. Bxe8 Qxe8 47. dxe7+ Kxe7 48. Qxe8+ Kxe8 49. Kf2 1-0

[Event "Pan American-ch U18"]
[Site "Isla Margarita"]
[Date "1998.??.??"]
[Round "?"]
[White "Uribe, Mauricio"]
[Black "Melendez, Jacobo"]
[Result "1-0"]
[WhiteElo "2205"]
[BlackElo "2255"]
[PlyCount "81"]
[EventDate "1998.08.05"]
[EventType "swiss"]
[EventRounds "11"]
[EventCountry "VEN"]
[SourceTitle "EXT 2000"]
[Source "ChessBase"]
[SourceDate "1999.11.16"]
[SourceVersion "1"]
[SourceVersionDate "1999.11.16"]
[SourceQuality "1"]

1. e4 c5 2. Nf3 e6 3. d4 cxd4 4. Nxd4 a6 5. Nc3 Qc7 6. g3 Nf6 7. Bg2 d6 8. 0-0 Be7 9. Be3 Nc6 10. a4 0-0 11. f4 Rb8 12. Kh1 Bd7 13. Nb3 Na5 14. Nxa5 Qxa5 15. e5 Ne8 16. Qd2 Qc7 17. a5 Bc6 18. Bb6 Bxg2+ 19. Qxg2 Qc8 20. Rad1 d5 21. f5 Nc7 22. f6 Bd8 23. Bc5 Re8 24. Qh3 Nb5 25. Qg4 g6 26. Nxb5 Qxc5 27. Nd6 Bc7 28. Nxe8 Rxe8 29. Qg5 Qf8 30. Rd3 Bxa5 31. g4 h6 32. Qf4 Rc8 33. c3 Bb6 34. b3 Kh7 35. Rh3 a5 36. Rff3 d4 37. c4 a4 38. Rh4 h5 39. Rfh3 Qh6 40. g5 Qf8 41. Qf3 1-0